000 00509nam a22001937a 4500
003 OSt
005 20160614141004.0
008 160614b xxu||||| |||| 00| 0 eng d
020 _a8123906498
040 _cDNLM.
082 _aQV34 P64e 2007.
100 _aPillai K.K;
_99388
245 _aExperiemental pharmacology.
260 _aNew,Delhi;
_bCBS Publishers and distributers.
_c2007.
300 _axi,124p;
_bill.
_c17cm
504 _aincludes index.
650 _apharmacology.
_9357
942 _2z
_cO_SHELF
999 _c4354
_d4354